| 000 | 00497nam a2200181Ia 4500 | ||
|---|---|---|---|
| 008 | 180207s9999 xx 000 0 und d | ||
| 050 | _bK883 1981 | ||
| 100 | _aKovacs, Deborah | ||
| 245 | _aWhen is Saturday? / | ||
| 245 | _cby Deborah Kovacs ; illustrated by Richard Brown ; featuring Jim Henson. | ||
| 260 | _aUSA : | ||
| 260 | _bChildren's Television Workshop, | ||
| 260 | _c1981 | ||
| 300 | _aunpaged : | ||
| 300 | _bchiefly colored ; | ||
| 300 | _c21cm. | ||
| 440 | _aSesame street. | ||
| 999 |
_c355663 _d355663 |
||